Business Maharajas (Record no. 10509)
[ view plain ]
| 000 -LEADER | |
|---|---|
| fixed length control field | 00354nam a22001577a 4500 |
| 003 - CONTROL NUMBER IDENTIFIER | |
| control field | OSt |
| 008 - FIXED-LENGTH DATA ELEMENTS--GENERAL INFORMATION | |
| fixed length control field | 210223b ||||| |||| 00| 0 eng d |
| 020 ## - INTERNATIONAL STANDARD BOOK NUMBER | |
| International Standard Book Number | 9780143415831 |
| 082 ## - DEWEY DECIMAL CLASSIFICATION NUMBER | |
| Classification number | 658.1 PIB |
| 100 ## - MAIN ENTRY--PERSONAL NAME | |
| Personal name | PIRAMAL,Gita |
| 245 ## - TITLE STATEMENT | |
| Title | Business Maharajas |
| 260 ## - PUBLICATION, DISTRIBUTION, ETC. (IMPRINT) | |
| Place of publication, distribution, etc | Grugaon |
| Name of publisher, distributor, etc | Penguin |
| Date of publication, distribution, etc | 1997 |
| 300 ## - PHYSICAL DESCRIPTION | |
| Extent | 474 |
| 650 ## - SUBJECT ADDED ENTRY--TOPICAL TERM | |
| Topical term or geographic name as entry element | GENERAL |
| 942 ## - ADDED ENTRY ELEMENTS (KOHA) | |
| Source of classification or shelving scheme | Dewey Decimal Classification |
| Koha item type | Text Books |
| 942 ## - ADDED ENTRY ELEMENTS (KOHA) | |
| -- | 2 |
| Withdrawn status | Lost status | Source of classification or shelving scheme | Damaged status | Not for loan | Collection code | Home library | Current library | Date acquired | Source of acquisition | Currency | Cost, normal purchase price | Bill Number | Total Checkouts | Full call number | Acc. no. / Barcode | Date last seen | Date last borrowed | Actual Cost, discounted price | Bill Date | Koha item type | Public note | Checked out |
|---|---|---|---|---|---|---|---|---|---|---|---|---|---|---|---|---|---|---|---|---|---|---|
| Dewey Decimal Classification | GENERAL | PIET C-LIBRARY | PIET C-LIBRARY | 10/02/2021 | Kirti Praskshan | IN Rupees | 499.00 | IN1559 | 2 | 658.1 PIB | 32567 | 27/05/2025 | 21/05/2024 | 304.33 | 10/02/2021 | Text Books | Religious | |||||
| Dewey Decimal Classification | GENERAL | PIET C-LIBRARY | PIET C-LIBRARY | 10/02/2021 | Kirti Praskshan | IN Rupees | 499.00 | IN1559 | 1 | 658.1 PIB | 32568 | 21/01/2022 | 21/01/2022 | 304.33 | 10/02/2021 | Text Books | . | 20/07/2022 |